000 00818nam a22002417a 4500
999 _c26260
_d26260
005 20200130142455.0
008 080814t xxu||||| |||| 00| 1 eng d
010 _aB-285038
020 _a01670999075
_c325.00
020 _a9780670999071
_c325.00
035 _aB-285038,B-218089
035 _aB-218079
037 _bUBH (Vender)
040 _aDPL
_bENG
082 _aN
100 _aSidhwa, Bapsi
245 _aWater:
_cby Bapsi Sidhwa
_ba novel based on the film by Deepa Mehta /
260 _aNew Delhi
_bPenguin (Viking) Books
_c2006
270 _a11 Community Centre, Panchsheel Park
_bNew Delhi
_e110017
300 _a201p.
_c20cm. (Hb)
942 _2ddc
_cEN
_hN
_mSID